000 01672nam a2200325Ia 4500
999 _c56576
_d56576
001 23690
003 GE_BSU
005 20260317181623.0
008 181216s2011||||ge |||||||||||||| ||geo||
020 _a9789941913549
040 _cGE_BSU
041 _ageo
080 _a57(075.8)+573+58+59+574 ჟ-84
100 _aჟორჟოლიანი, ცირა
_94979
245 _aბიოლოგიის ზოგადი კურსი : (ზოგადი ბიოლოგია, ბოტანიკა, ზოოლოგია, ეკოლოგია) :
_bინტეგრირებული სწავლებისათვის /
_cცირა ჟორჟოლიანი, ემზარ გორდაძე ; რედ. ელენე აბზიანიძე.
250 _aმე-2 შესწორებული გამოცემა
264 _aქუთაისი :
_bლამპარი,
_c2011.
300 _a549 გვ. :
_b ილ. ;
_c20 სმ.
504 _aბიბლიოგრაფია : გვ. 538-541
520 _aრეზიუმე რუსულ და ინგლისურ ენებზე
541 _h12 ლ.
653 _aბიოლოგიის ზოგადი კურსი
653 _aზოგადი ბიოლოგია
653 _aბოტანიკა
653 _aზოოლოგია
653 _aეკოლოგია
700 _aგორდაძე, ემზარ
_eავტორი
_94980
700 _aაბზიანიძე, ელენე
_eრედაქტორი
_921784
942 _cBK
_2udc